Akoaba ou l’ethnicité dans le quotidien de l’homme africain (notice n° 1674135)

détails MARC
000 -LEADER
fixed length control field 02362cam a2200181 4500500
005 - DATE AND TIME OF LATEST TRANSACTION
control field 20260301001729.0
041 ## - LANGUAGE CODE
Language code of text/sound track or separate title fre
042 ## - AUTHENTICATION CODE
Authentication code dc
100 10 - MAIN ENTRY--PERSONAL NAME
Personal name Tognon Tchegnonsi, Francis
Relator term author
245 00 - TITLE STATEMENT
Title Akoaba ou l’ethnicité dans le quotidien de l’homme africain
260 ## - PUBLICATION, DISTRIBUTION, ETC.
Date of publication, distribution, etc. 2009.<br/>
500 ## - GENERAL NOTE
General note 84
520 ## - SUMMARY, ETC.
Summary, etc. On retrouve les premières traces de la manie et de la dépression bien avant l’ère chrétienne, au fondement même de la médecine, à l’époque d’Hippocrate. Il fut le premier à en établir une description : la transformation de la mélancolie (melas kholé ou bile noire) en folie. Quelques auteurs au cours des siècles font des descriptions similaires mais ce n’est qu’en 1854 que Falret et Baillarget, indépendamment l’un de l’autre, regroupent ces deux états en une même maladie : la folie circulaire ou folie à double forme. Il faudra attendre 1899 pour que Kraepelin jette les bases de la conception moderne et actuelle de la maladie (ou folie) maniaco-dépressive. Dans les années 1960, la conception unitaire de la maladie bipolaire va être remise en cause au profit d’une nouvelle dichotomie entre la forme bipolaire (vraie) et la forme monopolaire (ou unipolaire). Le concept d’unipolarité va s’étendre à l’ensemble hétérogène de patients déprimés n’ayant connu aucun épisode maniaque ou hypomaniaque. Cette évolution, largement motivée par la distinction entre dépression psychotique et névrotique, psychogène et endogène ou autonome ou réactionnelle, a été abandonnée par l’ensemble des classifications produites depuis le début des années 80. En 1980, apparaît la 3° version du DSM, classification américaine des maladies mentales et avec elle la disparition du concept d’unipolarité au profit des notions de troubles dépressif majeur, d’épisodes dépressif ou trouble dépressif récurrent. Depuis 1993, avec la CIM-10 et 1994 avec le DSM IV, les travaux de recherche se sont multipliés aboutissant à ces nouvelles classifications et des nouvelles dénominations : les troubles bipolaires.
700 10 - ADDED ENTRY--PERSONAL NAME
Personal name Gandaho, Prosper
Relator term author
700 10 - ADDED ENTRY--PERSONAL NAME
Personal name Akpona, Simon
Relator term author
786 0# - DATA SOURCE ENTRY
Note Psy Cause | 53 | 1 | 2009-01-05 | p. 19-20 | 1245-2394
856 41 - ELECTRONIC LOCATION AND ACCESS
Uniform Resource Identifier <a href="https://shs.cairn.info/revue-psy-cause-2009-1-page-19?lang=fr&redirect-ssocas=7080">https://shs.cairn.info/revue-psy-cause-2009-1-page-19?lang=fr&redirect-ssocas=7080</a>

Pas d'exemplaire disponible.

PLUDOC

PLUDOC est la plateforme unique et centralisée de gestion des bibliothèques physiques et numériques de Guinée administré par le CEDUST. Elle est la plus grande base de données de ressources documentaires pour les Étudiants, Enseignants chercheurs et Chercheurs de Guinée.

Adresse

627 919 101/664 919 101

25 boulevard du commerce
Kaloum, Conakry, Guinée

Réseaux sociaux

Powered by Netsen Group @ 2025